01419nam a2200277 a 4500001001000000005001700010008004100027041000800068044000700076084002000083100004500103245010600148260003900254300002200293500027400315500006800589500015200657500001000809546002500819650005200844650005600896650003400952650004500986700006001031740005001091BRCA_301720190320204054.0200109s1741----fr-a---###---#000-0#fre-u afre afr a335b.H83c17411 aCervantes Saavedra, Miguel ded1547-161610aHistoire de L´Admirable Don Quichote de la Manchecpar Filleau de St. Martin de Michel de Cervantes. aParísbPierre Michel Huartc1741 a6 v.bil.c18 cm. aContenido : v 1. Primera parte. Advertencia del traductor. Texto. -- v 2. Texto. -- v 3. Segunda parte. Texto. -- v 4. Texto. -- v 5. Primera parte de la continuación escrita por el traductor. Texto. -- v 6. Segunda parte de la continuación escrita por el traductor aEdición : Nouvelle Edition Revueé Corrigeé et Augmentée aCopia de la edición de 1733 del mismo autor. Fina piel; lomeras y tapas adornadas con florones dorados; cortes dorados también Lúdovik Osterc aQM263 aTexto en : francés14aNovela españolayÉpoca clásica, 1500-170014aLiteratura españolayÉpoca clásica, 1500-170014aNovela españolaySiglo XVII14aDon Quijote (Personaje ficticio)eNovela1 aSaint-Martin, Francois Filleau ded1632-1695eTraductor0 aEl Ingenioso Hidalgo Don Quijote de la Mancha